Poemas dramáticos de Byron / (Record no. 37806)

MARC details
000 -LEADER
campo de control de longitud fija 00822nam a2200217 i 4500
001 - NÚMERO DE CONTROL
campo de control 37806
003 - IDENTIFICADOR DE NÚMERO DE CONTROL
campo de control ES-MaACL
005 - FECHA Y HORA DE LA ÚLTIMA TRANSACCIÓN
campo de control 20250724063407.0
007 - CAMPO FIJO DE DESCRIPCIÓN FÍSICA--INFORMACIÓN GENERAL
campo de control de longitud fija t|
008 - DATOS DE LONGITUD FIJA--INFORMACIÓN GENERAL
campo de control de longitud fija 030221s1945 ag |||| | spa d
100 1# - ENTRADA PRINCIPAL--NOMBRE DE PERSONA
Nombre de persona Byron, George Gordon Byron,
Títulos y otros términos asociados al nombre Baron,
Fechas asociadas al nombre 1788-1824
9 (RLIN) 33026
245 10 - MENCIÓN DEL TÍTULO
Título Poemas dramáticos de Byron /
Mención de responsabilidad, etc. traducción de Alcalá Galiano ; estudio preliminar de Macauly ; prólogo de Menéndez y Pelayo.
260 ## - PUBLICACIÓN, DISTRIBUCIÓN, ETC.
Lugar de publicación, distribución, etc. Buenos Aires :
Nombre del editor, distribuidor, etc. Argonauta,
Fecha de publicación, distribución, etc. [1945] (
Fabricante Imp. López)
300 ## - DESCRIPCIÓN FÍSICA
Extensión 359 p. ;
Dimensiones 19 cm.
505 0# - NOTA DE CONTENIDO CON FORMATO
Nota de contenido con formato Caín ; Sardanápalo ; Manfredo
700 1# - ENTRADA AGREGADA--NOMBRE PERSONAL
Nombre de persona Alcalá Galiano, José,
Fechas asociadas al nombre 1839-1919
9 (RLIN) 125587
700 1# - ENTRADA AGREGADA--NOMBRE PERSONAL
Nombre de persona Macauly.
9 (RLIN) 75069
700 1# - ENTRADA AGREGADA--NOMBRE PERSONAL
Nombre de persona Menéndez y Pelayo, Marcelino,
Fechas asociadas al nombre 1856-1912
9 (RLIN) 80332
852 ## - LOCALIZACIÓN
Ubicación ES-MaACL
Número de control de estantería C-27727
Nota libre - Donat. José Antonio Llardent
Holdings
Estatus retirado Estado de pérdida Estado de daño No para préstamo Biblioteca de origen Biblioteca actual Ubicación en estantería Fecha de adquisición Fuente de adquisición Total de préstamos Signatura topográfica completa Código de barras Visto por última vez Precio de reemplazo Tipo de ítem Koha
        Biblioteca del Ateneo de Madrid Biblioteca del Ateneo de Madrid Depósito 2 17/01/2008     C-27727 1039803 23/02/2023 23/02/2023 Libro impreso